Royal rebel designer

Bibliographic Details
Main Author: Axelsson, Carina
Format: Book
Published: London : Usborne Publishing Ltd. , 2019
Subjects:

MARC

LEADER 00000cam a2200000 7i4500
001 0000242560
005 20200619152850.0
020 |a 9781474942416 
090 0 0 |a JF   |b AXE 
100 1 |a Axelsson, Carina 
245 1 0 |a Royal rebel designer   |c Carina Axelsson 
260 |a London :   |b Usborne Publishing Ltd. ,   |c 2019 
300 |a 197p. :   |b ill. ;   |c 20cm. 
650 0 |a Children's stories 
999 |a 00380780   |b BUKU   |c PINJAMAN   |e PERPUSTAKAAN KOMUNITI PETALING JAYA